| 000 | 00523nam a2200181Ia 4500 | ||
|---|---|---|---|
| 008 | 240925s9999 xx 000 0 und d | ||
| 020 | _a9788120334144 | ||
| 082 | _a621.38154 WOL | ||
| 100 | _aWolf , Stanley | ||
| 245 | 0 | _aStudent Reference Manual for Electronic Instrumentation Laboratories | |
| 250 | _a2nd | ||
| 260 |
_aNew Delhi: _bPrentice Hall _c,2008. |
||
| 300 |
_aVarious pages _bN.A _fOriginal |
||
| 500 | _aIncludes Illustration | ||
| 600 | _aElectronic Engineering | ||
| 650 | _aTechnology | ||
| 942 | _cBK | ||
| 999 |
_c11193 _d11193 |
||